Gemeinden im Kanton Neuenburg - Statistiken

Allgemein
  • Dieses Quiz wurde 37 mal gespielt
  • Das Durchschnittsergebnis liegt bei 7 aus 31
Antwortstatistiken
Bezirk Gemeinde % Korrekt
Littoral Neuenburg / Neuchâtel
93%
Montagnes La Chaux-de-Fonds
80%
Montagnes La Chaux-du -Millieu
80%
Val-de-Travers La Côte-aux-Fées
80%
Montagnes Le Locle
60%
Val-de-Travers Val-de Travers
60%
Val-de-Ruz Val-de-Ruz
53%
Montagnes La Brévine
33%
Littoral Le Landeron
33%
Littoral Boudry
20%
Littoral Lignières
20%
Montagnes La Sagne
13%
Littoral Corcelles-Cormondrèche
7%
Littoral Cornaux
7%
Littoral Cortaillod
7%
Littoral Enges
7%
Littoral Hauterive (NE)
7%
Littoral La Tène
7%
Montagnes Le Cerneux-Péquignot
7%
Montagnes Les Planchettes
7%
Littoral Milvignes
7%
Littoral Peseux
7%
Littoral Rochefort
7%
Littoral Saint-Blaise
7%
Montagnes Brot-Plamboz
0%
Littoral Cressier (NE)
0%
Littoral La Grande Béroche
0%
Montagnes Les Brenets
0%
Montagnes Les Ponts-de Marel
0%
Val-de-Travers Les Verriéres
0%
Val-de-Ruz Valangin
0%
Keine übereinstimmenden Quizze gefunden
Verteilung der Resultate
Anzahl Personen mit jedem Resultat
Perzentil nach korrekt beantworteten Fragen
Ihre Resultats-Entwicklung
Sie haben dieses Quiz noch nicht gespielt